000 00277nam a22001337a 4500
008 170919b xxu||||| |||| 00| 0 eng d
020 _a9780810993792
041 _aeng
080 _a7
100 _a44
101 _aART
245 _aAWAKENINGS
_cWISDOM,A
942 _2udc
_cBK
999 _c28245
_d28245